| 000 | 01205nam0a22002891 4500 | ||
|---|---|---|---|
| 001 | rc\4470927 | ||
| 005 | 20250612092748.0 | ||
| 021 |
_aRU _b[58-11034] |
||
| 035 | _a(NLR Aleph) 008596450 | ||
| 090 |
_a8676406 _c8676406 |
||
| 100 | _a20130416d19571958|||y0rusy50 ca | ||
| 101 | 0 | _arus | |
| 102 | _aRU | ||
| 105 | _ay z ||||| | ||
| 200 | 1 |
_aБиохимические основы судорожного припадка _e(Азотистый обмен во время эксперим. судорожного припадка) _fПод ред. и с предисл. проф. А.В. Сигриста _gМ-во здравоохранения СССР. Ин-т психиатрии |
|
| 210 |
_aМосква _cБ. и. _d1957 [вып. дан. 1958] |
||
| 215 |
_a67 с. _d22 |
||
| 320 | _aБиблиогр.: с. 63-66 | ||
| 606 |
_aАзотистый обмен при эпилепсии _2psbo |
||
| 606 |
_aЭпилепсия экспериментальная _xКлиника _xОбмен _2psbo |
||
| 700 | 1 |
_aКраснова _bА.И. |
|
| 702 | 1 |
_aСигрист _bА.В. _4340 _4080 |
|
| 801 | 0 |
_aRU _bNLR _gpsbo |
|
| 801 | 1 |
_aRU _bELAR _2rusmarc |
|
| 852 |
_aNLR _j58-6/1746 |
||
| 942 | _cBOOK | ||
| 980 | _aNB | ||